Business Ethics 3rd Ed. (Record no. 19158)

MARC details
000 -LEADER
fixed length control field 00442nam a2200169Ia 4500
008 - FIXED-LENGTH DATA ELEMENTS--GENERAL INFORMATION
fixed length control field 221220s9999 xx 000 0 und d
020 ## - INTERNATIONAL STANDARD BOOK NUMBER
ISBN 978-93-534-3744-2
041 ## - LANGUAGE CODE
Language code of text/sound track or separate title
100 ## - MAIN ENTRY--AUTHOR NAME
Personal name A. C. Fernanda
245 #0 - TITLE STATEMENT
Title Business Ethics 3rd Ed.
Statement of responsibility, etc by A. C. Fernanda, K. P. Muraleedharan
250 ## - EDITION STATEMENT
Edition statement 3rd
260 ## - PUBLICATION, DISTRIBUTION, ETC. (IMPRINT)
Name of publisher Pearson
Place of publication India
Year of publication 2020
300 ## - PHYSICAL DESCRIPTION
Number of Pages 588
650 ## - SUBJECT ADDED ENTRY--TOPICAL TERM
Topical Term BE Computer
700 ## - ADDED ENTRY--PERSONAL NAME
Personal name K. P. Muraleedharan
942 ## - ADDED ENTRY ELEMENTS (KOHA)
Source of classification or shelving scheme
Koha item type Books
Holdings
Accession Number Cost, normal purchase price Bill Date Source of acquisition Price effective from Koha item type Withdrawn / writtenoff status Materials specified (bound volume or other part) Damaged status Not for loan Permanent Location Current Location Shelving location Date acquired Lost/ Missing status department
BE 24564 699.00 42 ABD, Jammu 12/20/2022 Books   Print     MIET Library, Jammu MIET Library, Jammu 198/3     BE
BE 24565 699.00 42 ABD, Jammu 12/20/2022 Books   Print     MIET Library, Jammu MIET Library, Jammu 198/3     BE
BE 24566 699.00 42 ABD, Jammu 12/20/2022 Books   Print     MIET Library, Jammu MIET Library, Jammu 198/3     BE
BE 24562 699.00 42 ABD, Jammu 12/20/2022 Books   Print   Not For Loan MIET Library, Jammu MIET Library, Jammu 157/6     BE
BE 24563 699.00 42 ABD, Jammu 12/20/2022 Books   Print     MIET Library, Jammu MIET Library, Jammu 198/3     BE